000 00576nam a2200229Ia 4500
003 OSt
005 20221007074206.0
006 a|||||r|||| 00| 0
007 ta
008 221006b |||||||| |||| 00| 0 eng d
024 _a17,441
037 _cTextual
040 _aFLL
_cFLL
_beng
041 _2eng
_aeng
082 _aY0aW, M2
100 _aRathore L.S.
245 0 _aPolitical sociology
260 _aMeerut
_bMeenakshi Prakashan India
_c1982
300 _a243p
_ccm.
942 _hY0aW, M2
_cTEXL
_2CC
999 _c1151486
_d1151486